000 00661nam a22001697a 4500
999 _c7975
_d7975
003 GBCCL
005 20241126110640.0
008 181122b ||||| |||| 00| 0 eng d
040 _cGBC
082 _aARCH GBC-2007
_bNIN
100 _aNingngaih
_913918
245 _aAn Analytical Study on the Impact of Child Evangelism in the Sunday School Ministry of Bethany Evangelical Baptist Convention Church At Bungmual, Churachandpur |
_cNingngaih
260 _aNew Lamka:
_bGrace Bible College,
_c2007
300 _aiv + 73.;
_c21 x 29 cm.
650 _aChildren Ministry
_vChild Evangelism
_xEvangelical Baptist Convention
_zLamka
_zChurachandpur
_913919
942 _2ddc
_cTH